000 00375cam a2200157ua 4500
041 _aeng
_h
082 _a823.308
_bKIN/WE
100 _aKingsley, Charles .
245 _aWestward hol /
_cCharles kingsley.
_hTextual Documents
260 _aNewyork :
_bJ M Dent ,
_c1960.
300 _a640 ; .
504 _a
942 _cBK
999 _c4327
_d4327